[Event "FRA-chT U20 16 GP Basse 1213"]
[Site "France"]
[Date "2013.05.19"]
[Round "10.10"]
[White "Charbonnel, Christophe"]
[Black "Commin, Augustin"]
[Result "0-1"]
[WhiteElo "1240"]
[BlackElo "1290"]
[PlyCount "44"]
[EventDate "2012.12.01"]
[EventType "team"]
[EventRounds "11"]
[EventCountry "FRA"]
[SourceTitle "EXT 2014"]
[Source "ChessBase"]
[SourceDate "2013.11.20"]
[SourceVersion "1"]
[SourceVersionDate "2013.11.20"]
[SourceQuality "1"]
[WhiteTeam "Vandoeuvre U20"]
[BlackTeam "Tours (U20)"]
[WhiteTeamCountry "FRA"]
[BlackTeamCountry "FRA"]

1. d4 Nf6 2. e3 g6 3. Nf3 Bg7 4. Be2 0-0 5. 0-0 d6 6. b3 Bg4 7. Nbd2 Nbd7 8. Bb2 Nb6 9. c4 Qd7 10. e4 Nh5 11. e5 Nf4 12. a4 Qf5 13. a5 Nd7 14. b4 dxe5 15. dxe5 Nxe5 16. Nb3 Nxf3+ 17. Bxf3 Bxf3 18. Qxf3 Bxb2 19. Ra2 Be5 20. c5 Qh5 21. Qe4 Ne2+ 22. Rxe2 Qxh2# 0-1

[Event "FRA-chT U20 GpA 1213"]
[Site "France"]
[Date "2012.12.01"]
[Round "1"]
[White "Charbonnel, Christophe"]
[Black "Zachary, Matheo"]
[Result "0-1"]
[WhiteElo "1240"]
[BlackElo "1329"]
[PlyCount "84"]
[EventDate "2012.12.01"]
[EventType "team"]
[EventRounds "7"]
[EventCountry "FRA"]
[SourceTitle "EXT 2014"]
[Source "ChessBase"]
[SourceDate "2013.11.20"]
[SourceVersion "1"]
[SourceVersionDate "2013.11.20"]
[SourceQuality "1"]
[WhiteTeam "Vandoeuvre U20"]
[BlackTeam "Mulhouse (U20)"]
[WhiteTeamCountry "FRA"]
[BlackTeamCountry "FRA"]

1. d4 d5 2. Nf3 Nf6 3. e3 Bf5 4. b3 Nc6 5. Bb2 e6 6. Nbd2 Nb4 7. Rc1 Nxa2 8. Ra1 Nb4 9. Rc1 Bd6 10. Be2 0-0 11. 0-0 Re8 12. Ne5 Ne4 13. Bh5 g6 14. Bf3 Bxe5 15. dxe5 Nc5 16. Bd4 Qe7 17. c4 Ncd3 18. Rc3 c5 19. Bxc5 Qxc5 20. Be2 Qc7 21. f4 a5 22. Rf3 Ra7 23. Bxd3 Nxd3 24. Rg3 Rea8 25. Qh5 Kh8 26. Rxd3 gxh5 27. Rc3 a4 28. bxa4 Rxa4 29. h3 dxc4 30. Rg5 Bg6 31. e4 b5 32. f5 Qxe5 33. Re3 exf5 34. Nf3 Ra1+ 35. Kf2 R8a2+ 36. Re2 Qc5+ 37. Kg3 Rxe2 38. Nh4 Qf2+ 39. Kh2 Qxh4 40. Rg3 Qf4 41. exf5 Re3 42. fxg6 Qxg3# 0-1